000 00606nam a2200157 a 4500
001 000025605
005 20250116073945.0
008 110218s1984 dr 000 0 spa d
040 _aDO-SdBNP
_bspa
_cBNPHU
245 0 0 _aAlgunos apuntes de historia dominicana para la educación cívica /.
260 _aSanto Domingo :
_bUniversidad Nacional Pedro Henríquez Ureña
_bDirección General de Educación Primaria,
_c1984.
300 _a85 p. ;
_c21 cm.
504 _aBibliografía: p. 81
710 1 _aRepública Dominicana.
_bSecretaría de Estado de Educación, Bellas Artes y Cultos
_923965
049 _aBNPD
999 _c25097
_d25097